| 000 | 00000nam##2200000za#4500 |
| 001 | 9.671464 |
| 003 | CaOODSP |
| 005 | 20250611103625 |
| 007 | ta |
| 008 | 150407|2009||||xxc||||| f|0| 0 fre|d |
| 020 | |a978-1-100-50023-2 |
| 040 | |aCaOODSP|bfre |
| 041 | |aeng |
| 041 | |afre |
| 043 | |an-cn--- |
| 086 | 1 |aA118-31/2009 |
| 110 | 1 |aCanada. |bAgriculture et agroalimentaire Canada. |
| 245 | 13|aLe Programme de paiements anticipés (PPA) - avances de fonds pour les agriculteurs canadiens |
| 260 | |aOttawa - Ontario : |bAgriculture et Agroalimentaire Canada |cc2009. |
| 300 | |a1 feuille pliée, (texte français, [5]p.) : |bphotographies ; |c22 cm. |
| 563 | |aDépliant |
| 590 | |a10-21|b2010-05-28 |
| 691 | 07|aProgramme d'aide agricole|2gcpds |
| 776 | 0#|tLe Programme de paiements anticipés (PPA) - Avances de fonds pour les agriculteurs canadiens |w(CaOODSP)9.636602 |
| 776 | 0#|tThe Advance Payments Program (APP) - cash advances for Canadian farmers |w(CaOODSP)9.692336 |
| 791 | |tThe Advance Payments Program (APP) - cash advances for Canadian farmers |eeng|w(CaOODSP)9.671463 |
| 986 | |aN° AAC 10974B |